| 000 | 00751nam a2200253 a 4500 | ||
|---|---|---|---|
| 008 | |||
| 020 | _a0702122947 (pbk.) | ||
| 049 | _aMAIN | ||
| 090 |
_aHF5413.13 _bMAR |
||
| 245 | 1 | 0 |
_aMarketing management / _cby G. J. De J. Cronje ; edited by S. Marx and A. Van der Walt. |
| 260 |
_aCape Town : _bJuta, _c1989. |
||
| 300 |
_axviii, 577 p. ; _c25 cm. |
||
| 504 | _aIncludes bibliographical references. | ||
| 500 | _aIncludes index. | ||
| 650 | 1 |
_aMarketing _xManagement. |
|
| 700 | _aVan der Walt, A. | ||
| 700 | _aMarx, S. | ||
| 700 | _aCronje, G. J. De J. | ||
| 907 |
_a.b10086274 _b08-10-10 _c20-08-03 |
||
| 003 | |||
| 005 | 20230123133400.0 | ||
| 040 | _cNUST | ||
| 942 |
_cBOOKS _kHF5413.13 _mMAR |
||
| 999 |
_c147642 _d147642 |
||